000
00295nam a22001337a 4500
003
SGT
082
_a
370
_b
M04B
100
_a
BHATIA, R.L.
245
_a
MODERN INDIAN EDUCATION & ITS PROBLEM
260
_a
NEW DELHI
_b
SURJEET PUB
_c
2004
300
_a
396
650
_a
EDUCATION
942
_2
ddc
_c
BK
999
_c
12260
_d
12260